Toutes les écuries de F2 depuis 2017 - Statistiques

Statistiques générales
  • Ce quiz a été pris 8 fois
  • Le résultat moyen est 11 sur 21
Statistiques - réponses
Saison(s) Titre(s) Titre(s) pilote Victoire(s) Ecurie % Correct
Depuis 2017 2020, 2021 2017, 2020, 2021 42 Prema
100%
Depuis 2017 Aucun Aucun 15 Campos
83%
2018-23 2018 Aucun 22 Carlin
83%
Depuis 2017 2019 Aucun 27 DAMS
83%
Depuis 2024 Aucun Aucun 4 Rodin
83%
Depuis 2017 2022 2022 16 MP Motorsport
67%
Depuis 2024 Aucun Aucun 5 AIX
50%
Depuis 2017 2023 2018, 2019, 2023 28 Art GP
50%
2018-22 Aucun Aucun 2 Charouz
50%
Depuis 2024 2024, 2025 2024, 2025 8 Invicta
50%
Depuis 2017 Aucun Aucun 4 Trident
50%
2019-21 Aucun Aucun 12 Uni-Virtuosi
50%
2017-19 Aucun Aucun 4 Arden
33%
Depuis 2020 Aucun Aucun 15 Hitech
33%
2020-21 Aucun Aucun Aucune HWA
33%
2017 Aucun Aucun Aucun Racing Engineering
33%
2017 Aucun Aucun 1 Rapax
33%
2017-18 2017 Aucun 10 Russian Time
33%
Depuis 2022 Aucun Aucun 2 Van Amersfoort
33%
2022-23 Aucun Aucun 6 Virtuosi
33%
2023 Aucun Aucun Aucune PHM
17%
Aucun quiz correspondant
Distribution des résultats
% des personnes avec chaque résultat
Percentile par nombre de réponses
Votre historique - résultats
Vous n’avez pas pris ce quiz